| 000 | 00473nam a22001932 4500 | ||
|---|---|---|---|
| 001 | 0000001028 | ||
| 005 | 20151217155807.0 | ||
| 008 | 070223s xx 000 0 eng d | ||
| 040 |
_aKABU _cKABU |
||
| 050 | 0 |
_aBV210.5 _b.M83 |
|
| 100 | 1 |
_aMwania, William. _@0000149527 |
|
| 245 | 1 | 0 | _aGod's armor prayer. |
| 260 | _c2005. | ||
| 300 | _a20 p. | ||
| 650 | 0 |
_aPrayer. _@0000149528 |
|
| 908 | _a070223 | ||
| 950 | _@1 | ||
| 999 |
_c12488 _d12488 |
||